Budget de l'EU 2012 : rapport financier

Salvato in:
Dettagli Bibliografici
Ente Autore: European Commission
Natura: Libro
Lingua:francese
Pubblicazione: Luxembourg Office des publications de l'Union européenne 2013
Soggetti:
Tags: Aggiungi Tag
Nessun Tag, puoi essere il primo ad aggiungerne!!

MARC

LEADER 00000nam a2200000 4500
001 0183736
005 20240318114915.4
020 |a 978-92-79-29628-4 
022 |a 1830-7299 
041 0 |a fre 
044 |a LU 
245 1 0 |a Budget de l'EU 2012 : rapport financier 
264 1 |a Luxembourg  |b Office des publications de l'Union européenne  |c 2013 
300 |a 122 s. 
610 2 0 |a rozpočty 
610 2 0 |a rozpočet štátny 
610 2 0 |a výdavky 
610 2 0 |a výdavky rozpočtu štátneho 
610 2 0 |a výdavky verejné 
610 2 0 |a výdavky štátne 
610 2 0 |a príjmy 
610 2 0 |a príjmy rozpočtu štátneho 
610 2 0 |a rast hospodársky 
610 2 0 |a zamestnanosť 
610 2 0 |a zdroje prírodné 
610 2 0 |a bezpečnosť 
610 2 0 |a spravodlivosť 
610 2 0 |a financie 
610 2 0 |a Európska únia 
710 2 |a European Commission